000 00678nam a2200229Ia 4500
003 OSt
005 20220621125838.0
008 210716s1987 xx 000 0 und d
020 _a0876925506
040 _cAIMIT LIBRARY
041 _aeng
082 _a511.42
_22
_bPOTM
100 _aPotter, Merle C.
_944204
245 _aMathematical methods /
_cBy Merle C POtter and Jack Goldberg.
250 _a2nd ed.
260 _aNew Delhi :
_bPrentice Hall of India PVt Ltd ,
_c1987.
300 _axvi,639
650 _aOrdinary differential equations
_944205
650 _aLaplace transforms
_944206
700 _aGoldberg, Jack.
_944207
942 _2ddc
_cBK
_e2nd
_k511.42 POTM
999 _c182420
_d182420